| 000 | 00726nam a2200181Ia 4500 | ||
|---|---|---|---|
| 008 | 090124s9999 xx 000 0 und d | ||
| 082 | _b206153 | ||
| 100 | _aगर्ग लक्ष्मीनारायण | ||
| 245 | _a परमाणु से नैनो - प्रौद्योगिकी तक | ||
| 250 | _a1 | ||
| 260 | _c2002 | ||
| 300 | _a143 | ||
| 600 | _aगर्ग लक्ष्मीनारायण | ||
| 630 | _a परमाणु से नैनो - प्रौद्योगिकी तक | ||
| 700 | _aगर्ग लक्ष्मीनारायण | ||
| 730 | _a परमाणु से नैनो - प्रौद्योगिकी तक | ||
| 942 | _cBOOK | ||
| 999 |
_c187738 _d187738 |
||